| 000 | 02356nas a22002777a 4500 | ||
|---|---|---|---|
| 003 | NALT | ||
| 005 | 20250521134858.0 | ||
| 006 | a|||p|r|||| 00| 0 | ||
| 007 | ta | ||
| 008 | 250521b th |||p| |||| 00| 0 tha d | ||
| 040 | _aNALT | ||
| 041 | _atha | ||
| 245 | 0 | 0 | _aนิติศาสตร์ มหาวิทยาลัยธรรมศาสตร์ ปีที่ 20 ฉบับที่ 2 (มิ.ย. 2533) |
| 260 | _aคณะนิติศาสตร์ มหาวิทยาลัยธรรมศาสตร์ | ||
| 310 | _aรายสามเดือน | ||
| 500 | _aวารสารเย็บเล่ม | ||
| 505 | 2 | _aปีที่ 20 ฉบับที่ 2 มิ.ย. 2533 -- การชำระเงินในสัญญาซื้อขายระหว่างประเทศ -- การก่อตั้งหรือถือหุ้นในบริษัทจำกัดขององค์การปกครองส่วนท้องถิ่น -- ระบบประกันสังคมของไทย -- ทฤษฎีว่าด้วย การแบ่งแยกขอบเขตของกฎหมายระหว่างกฎหมายเอกชนกับกฎหมายมหาชน -- ปัญหาเกี่ยวกับสถานภาพทางกฎหมายของประเทศเยอรมัน -- สถานประกอบการถาวรกรณีโครงการก่อสร้างโครงการ ประกอบหรือโครงการติดตั้งตามอนุสัญญาภาษีซ้อนไทย-ญี่ปุ่น -- การคุ้มครองสิทธิของผู้ถือหุ้นฝ่ายข้างน้อยในบริษัท เอกชน จำกัด. | |
| 650 | 4 |
_aกฎหมายมหาชน _92028 |
|
| 650 | 4 |
_aประกันสังคม _zไทย _910246 |
|
| 650 | 4 |
_aสัญญาซื้อขายระหว่างประเทศ _936525 |
|
| 850 | _aNALT | ||
| 866 | _aปีที่ 20 ฉบับที่ 2 (มิ.ย. 2533) | ||
| 942 | _cBOUND | ||
| 996 |
_aaroonthip.c _bLIBSTF _c2025-05-21 |
||
| 999 |
_c106623 _d106623 |
||
| 998 |
_h179 _j179 _k นางสาวอรุณทิพย์ จันทร์ดิษฐ์ |
||